[Event "MP do 18 lat - chlopcy"]
[Site "Sypniewo"]
[Date "2022.03.27"]
[Round "9.15"]
[White "Skurniak, Szymon"]
[Black "Bachor, Tomasz"]
[Result "1/2-1/2"]
[BlackElo "2041"]
[WhiteElo "2032"]
[LiveChessVersion "1.4.8"]

1. e4 {[%clk 1:30:58]} c5 {[%clk 1:30:50]} 2. Nf3 {[%clk 1:31:24]} e6
{[%clk 1:31:11]} 3. d4 {[%clk 1:31:50]} cxd4 {[%clk 1:31:36]} 4. Nxd4
{[%clk 1:32:18]} a6 {[%clk 1:31:58]} 5. c4 {[%clk 1:32:45]} Nf6 {[%clk 1:31:57]}
6. Nc3 {[%clk 1:33:13]} Bb4 {[%clk 1:32:11]} 7. Bd3 {[%clk 1:33:24]} Nc6
{[%clk 1:31:55]} 8. Nc2 {[%clk 1:33:48]} Bxc3+ {[%clk 1:32:07]} 9. bxc3
{[%clk 1:34:15]} d5 {[%clk 1:32:18]} 10. exd5 {[%clk 1:34:35]} exd5
{[%clk 1:32:40]} 11. Qe2+ {[%clk 1:35:02]} Be6 {[%clk 1:27:15]} 12. Bg5
{[%clk 1:19:36]} Qa5 {[%clk 1:10:17]} 13. Bxf6 {[%clk 1:02:23]} gxf6 14. O-O
{[%clk 1:00:02]} O-O-O {[%clk 1:01:24]} 15. Nb4 {[%clk 0:44:29]} Ne5
{[%clk 0:53:11]} 16. cxd5 {[%clk 0:40:56]} Bxd5 {[%clk 0:51:03]} 17. Nxd5
{[%clk 0:34:38]} Rxd5 {[%clk 0:44:05]} 18. Be4 {[%clk 0:30:54]} Rd6
{[%clk 0:38:11]} 19. Rab1 {[%clk 0:23:05]} b6 {[%clk 0:25:33]} 20. f4
{[%clk 0:18:00]} Nd7 {[%clk 0:24:18]} 21. Rf2 {[%clk 0:14:48]} Kb8
{[%clk 0:16:50]} 22. Bf3 {[%clk 0:15:01]} Nc5 {[%clk 0:12:09]} 23. Qe7
{[%clk 0:10:48]} Rhd8 {[%clk 0:12:29]} 24. Rfb2 {[%clk 0:10:23]} R8d7
{[%clk 0:11:06]} 25. Qe8+ {[%clk 0:10:24]} Kc7 {[%clk 0:10:53]} 26. Qa8
{[%clk 0:03:01]} Qxc3 {[%clk 0:10:20]} 27. Qa7+ {[%clk 0:02:54]} Kd8
{[%clk 0:06:41]} 28. Qb8+ {[%clk 0:02:39]} Ke7 {[%clk 0:07:06]} 29. Re2+
{[%clk 0:02:19]} Re6 {[%clk 0:06:38]} 30. Rxe6+ {[%clk 0:01:56]} Nxe6
{[%clk 0:03:46]} 31. Qxb6 {[%clk 0:01:54]} Qd4+ {[%clk 0:03:02]} 32. Qxd4
{[%clk 0:01:42]} Rxd4 {[%clk 0:03:06]} 33. g3 {[%clk 0:01:56]} Nc5
{[%clk 0:02:14]} 34. Rb6 {[%clk 0:01:31]} Rd6 {[%clk 0:01:49]} 35. Rb8
{[%clk 0:01:42]} Rd2 {[%clk 0:02:01]} 36. Rc8 {[%clk 0:01:38]} Ne6
{[%clk 0:02:00]} 37. f5 {[%clk 0:01:35]} Nd4 {[%clk 0:01:31]} 38. Be4
{[%clk 0:00:48]} Kd6 {[%clk 0:01:11]} 39. Rf8 {[%clk 0:00:34]} Ke5 1/2-1/2

[Event "MP do 18 lat - chlopcy"]
[Site "Sypniewo"]
[Date "2022.03.27"]
[Round "9.16"]
[White "Panek, Bartosz"]
[Black "Sidorczuk, Pawel"]
[Result "0-1"]
[BlackElo "1917"]
[WhiteElo "2010"]
[LiveChessVersion "1.4.8"]

1. Nf3 {[%clk 1:27:23]} d5 {[%clk 1:30:54]} 2. g3 {[%clk 1:27:47]} Bg4
{[%clk 1:31:20]} 3. Bg2 {[%clk 1:27:03]} Nd7 {[%clk 1:31:45]} 4. d4
{[%clk 1:27:23]} e6 {[%clk 1:30:49]} 5. O-O {[%clk 1:27:46]} Bd6 {[%clk 1:30:42]}
6. c4 {[%clk 1:27:29]} c6 {[%clk 1:30:50]} 7. cxd5 {[%clk 1:24:01]} exd5
{[%clk 1:30:50]} 8. Nc3 {[%clk 1:21:18]} Ngf6 {[%clk 1:30:47]} 9. Bg5
{[%clk 1:18:57]} h6 {[%clk 1:29:50]} 10. Be3 {[%clk 1:18:30]} O-O
{[%clk 1:29:57]} 11. Qd2 {[%clk 1:18:41]} Re8 {[%clk 1:25:08]} 12. Bf4
{[%clk 1:16:19]} Bxf4 {[%clk 1:12:34]} 13. Qxf4 {[%clk 1:16:08]} a5
{[%clk 1:07:29]} 14. Rfe1 {[%clk 1:14:56]} b5 {[%clk 1:04:39]} 15. Ne5
{[%clk 1:06:03]} g5 {[%clk 1:03:37]} 16. Qd2 {[%clk 1:01:37]} Nxe5
{[%clk 1:02:23]} 17. dxe5 {[%clk 1:02:00]} Rxe5 {[%clk 1:02:00]} 18. f4
{[%clk 1:01:19]} Qb6+ {[%clk 1:01:55]} 19. e3 {[%clk 0:52:03]} gxf4
{[%clk 1:01:36]} 20. gxf4 {[%clk 0:52:24]} Re6 {[%clk 1:00:35]} 21. Kh1
{[%clk 0:48:09]} Rae8 {[%clk 0:57:32]} 22. Qf2 {[%clk 0:29:17]} Kh7
{[%clk 0:46:57]} 23. Qh4 {[%clk 0:28:17]} Qd8 {[%clk 0:37:24]} 24. e4
{[%clk 0:23:30]} Nxe4 {[%clk 0:28:28]} 25. Qxd8 {[%clk 0:23:47]} Rxd8
{[%clk 0:28:46]} 26. Nxe4 {[%clk 0:24:11]} dxe4 {[%clk 0:27:28]} 27. Rxe4
{[%clk 0:24:10]} c5 {[%clk 0:25:04]} 28. h3 {[%clk 0:21:55]} Bf5 {[%clk 0:24:25]}
29. Rxe6 {[%clk 0:22:11]} fxe6 {[%clk 0:24:13]} 30. Rc1 {[%clk 0:22:28]} Rc8
{[%clk 0:22:43]} 31. Bb7 {[%clk 0:22:01]} Rc7 {[%clk 0:23:04]} 32. Ba6
{[%clk 0:22:18]} b4 {[%clk 0:19:41]} 33. Kh2 {[%clk 0:22:37]} Be4
{[%clk 0:19:21]} 34. h4 {[%clk 0:21:29]} Kg6 {[%clk 0:18:17]} 35. Kg3
{[%clk 0:20:02]} Kf5 {[%clk 0:18:16]} 36. Be2 {[%clk 0:17:47]} Rg7+
{[%clk 0:17:01]} 37. Kf2 {[%clk 0:17:59]} Kxf4 {[%clk 0:13:55]} 38. Rc4
{[%clk 0:17:12]} Rg2+ {[%clk 0:13:31]} 39. Kf1 {[%clk 0:17:30]} Rg3
{[%clk 0:12:30]} 40. Kf2 {[%clk 0:42:57]} Rh3 {[%clk 0:41:59]} 41. Bf1
{[%clk 0:38:26]} Rh2+ {[%clk 0:38:21]} 42. Kg1 {[%clk 0:38:43]} Rxh4
{[%clk 0:38:22]} 43. Bg2 {[%clk 0:38:25]} Ke3 {[%clk 0:37:49]} 44. Bxe4
{[%clk 0:38:42]} Rxe4 {[%clk 0:38:17]} 45. Rxc5 {[%clk 0:39:01]} Rg4+
{[%clk 0:38:04]} 46. Kf1 {[%clk 0:38:55]} Rg5 {[%clk 0:37:15]} 47. Rc6
{[%clk 0:37:38]} Re5 {[%clk 0:36:58]} 48. a3 {[%clk 0:38:00]} bxa3
{[%clk 0:36:22]} 49. bxa3 {[%clk 0:38:26]} Kd3 {[%clk 0:36:14]} 50. Kf2
{[%clk 0:38:24]} h5 {[%clk 0:35:32]} 51. Kf3 {[%clk 0:38:11]} Kd4
{[%clk 0:32:19]} 52. Kf4 {[%clk 0:37:24]} Rf5+ {[%clk 0:32:28]} 53. Kg3
{[%clk 0:37:41]} e5 {[%clk 0:32:13]} 54. Rd6+ {[%clk 0:37:13]} Kc4
{[%clk 0:31:15]} 0-1

[Event "MP do 18 lat - chlopcy"]
[Site "Sypniewo"]
[Date "2022.03.27"]
[Round "9.17"]
[White "Bartlomowicz, Jakub"]
[Black "Syrkiewicz, Michal"]
[Result "0-1"]
[BlackElo "1988"]
[WhiteElo "1774"]
[LiveChessVersion "1.4.8"]

1. e4 {[%clk 1:30:58]} c5 {[%clk 1:30:56]} 2. Nf3 {[%clk 1:31:18]} e6
{[%clk 1:31:22]} 3. d4 {[%clk 1:31:25]} cxd4 {[%clk 1:31:47]} 4. Nxd4
{[%clk 1:31:44]} a6 {[%clk 1:32:13]} 5. Bd3 {[%clk 1:31:35]} g6 {[%clk 1:32:29]}
6. O-O {[%clk 1:29:24]} Bg7 {[%clk 1:32:36]} 7. Nf3 {[%clk 1:29:13]} Nc6
{[%clk 1:32:02]} 8. Qe2 {[%clk 1:28:16]} Nge7 {[%clk 1:31:28]} 9. c4
{[%clk 1:25:31]} O-O {[%clk 1:29:53]} 10. e5 {[%clk 1:24:09]} d6 {[%clk 1:26:42]}
11. exd6 {[%clk 1:21:15]} Qxd6 {[%clk 1:26:43]} 12. Nc3 {[%clk 1:21:29]} e5
{[%clk 1:16:21]} 13. Be4 {[%clk 1:18:19]} Bg4 {[%clk 1:13:21]} 14. Be3
{[%clk 1:16:54]} f5 {[%clk 1:06:25]} 15. Bxc6 {[%clk 1:06:52]} Qxc6
{[%clk 1:04:51]} 16. h3 {[%clk 1:04:38]} Bh5 {[%clk 1:03:26]} 17. Nxe5
{[%clk 1:03:01]} Bxe5 {[%clk 0:58:12]} 18. g4 {[%clk 1:03:28]} fxg4
{[%clk 0:56:50]} 19. hxg4 {[%clk 1:03:51]} Bxc3 {[%clk 0:54:28]} 20. bxc3
{[%clk 1:03:54]} Rf3 {[%clk 0:53:56]} 21. Bd4 {[%clk 1:01:55]} Nf5
{[%clk 0:50:35]} 22. Qe5 {[%clk 1:01:03]} Nxd4 {[%clk 0:49:23]} 23. Qxd4
{[%clk 1:01:30]} Raf8 {[%clk 0:42:48]} 24. gxh5 {[%clk 1:00:48]} R8f5
{[%clk 0:42:13]} 25. Qd8+ {[%clk 1:00:41]} Kg7 {[%clk 0:42:28]} 26. Rad1
{[%clk 0:51:56]} Kh6 {[%clk 0:38:10]} 27. Rd6 {[%clk 0:44:13]} Qxc4
{[%clk 0:35:27]} 28. Rd4 {[%clk 0:43:49]} Qxc3 {[%clk 0:34:31]} 29. Rh4
{[%clk 0:43:45]} Rg5+ {[%clk 0:34:00]} 30. Kh2 {[%clk 0:43:43]} Rxf2+
{[%clk 0:33:24]} 31. Rxf2 {[%clk 0:43:27]} Qg3+ {[%clk 0:33:50]} 0-1

[Event "MP do 18 lat - chlopcy"]
[Site "Sypniewo"]
[Date "2022.03.27"]
[Round "9.18"]
[White "Ciborowski, Konrad Jr"]
[Black "Malik, Maciej"]
[Result "1-0"]
[BlackElo "1912"]
[WhiteElo "1869"]
[LiveChessVersion "1.4.8"]

1. e4 {[%clk 1:30:54]} g6 {[%clk 1:30:10]} 2. d4 {[%clk 1:31:21]} d6
{[%clk 1:30:27]} 3. Nc3 {[%clk 1:31:47]} Nf6 {[%clk 1:30:21]} 4. f4
{[%clk 1:32:14]} Bg7 {[%clk 1:30:18]} 5. Nf3 {[%clk 1:30:38]} O-O
{[%clk 1:29:19]} 6. Be3 {[%clk 1:30:51]} c6 {[%clk 1:29:07]} 7. Bd3
{[%clk 1:29:28]} b5 {[%clk 1:27:53]} 8. e5 {[%clk 1:28:06]} dxe5 {[%clk 1:27:53]}
9. dxe5 {[%clk 1:28:29]} Nd5 {[%clk 1:27:34]} 10. Nxd5 {[%clk 1:27:04]} Qxd5
{[%clk 1:22:44]} 11. O-O {[%clk 1:26:50]} Bg4 {[%clk 1:13:47]} 12. Be2
{[%clk 1:22:28]} a6 {[%clk 1:03:58]} 13. h3 {[%clk 1:20:46]} Bf5 {[%clk 1:01:20]}
14. Qxd5 {[%clk 1:15:47]} cxd5 {[%clk 1:01:29]} 15. Nd4 {[%clk 1:16:12]} Be4
{[%clk 1:01:11]} 16. a4 {[%clk 1:15:11]} b4 {[%clk 1:00:54]} 17. a5
{[%clk 1:14:20]} Rc8 {[%clk 1:00:02]} 18. Rfc1 {[%clk 1:10:41]} e6
{[%clk 0:48:57]} 19. c3 {[%clk 1:06:48]} bxc3 {[%clk 0:48:58]} 20. Rxc3
{[%clk 1:07:01]} Rxc3 {[%clk 0:49:05]} 21. bxc3 {[%clk 1:07:29]} Nd7
{[%clk 0:48:57]} 22. Nc6 {[%clk 0:59:07]} Bf8 {[%clk 0:34:11]} 23. Nb4
{[%clk 0:59:18]} Nc5 {[%clk 0:25:02]} 24. Kf1 {[%clk 0:57:22]} Kg7
{[%clk 0:13:21]} 25. g3 {[%clk 0:55:02]} h5 {[%clk 0:13:13]} 26. h4
{[%clk 0:53:13]} Bf5 {[%clk 0:10:05]} 27. Bxc5 {[%clk 0:52:57]} Bxc5
{[%clk 0:10:34]} 28. Nxa6 {[%clk 0:53:21]} Be3 {[%clk 0:10:36]} 29. Nc7
{[%clk 0:53:46]} Ra7 {[%clk 0:06:55]} 30. Nb5 {[%clk 0:54:12]} Ra6
{[%clk 0:06:34]} 31. Nd6 {[%clk 0:52:26]} Ra7 {[%clk 0:06:00]} 32. a6
{[%clk 0:49:05]} Be4 {[%clk 0:05:25]} 33. Ra4 {[%clk 0:49:07]} Bf5
{[%clk 0:03:45]} 34. Rb4 {[%clk 0:49:06]} Bh3+ {[%clk 0:03:39]} 35. Ke1
{[%clk 0:49:34]} Bg2 {[%clk 0:04:01]} 36. Rb7 {[%clk 0:49:26]} Rxb7
{[%clk 0:02:21]} 37. axb7 {[%clk 0:49:54]} Ba7 {[%clk 0:02:49]} 38. Nb5
{[%clk 0:50:15]} Bb8 {[%clk 0:03:09]} 39. Nd4 {[%clk 0:50:41]} Bc7
{[%clk 0:02:43]} 40. Bf3 {[%clk 1:19:15]} Bh3 {[%clk 0:31:33]} 41. Nc6
{[%clk 1:19:16]} f6 {[%clk 0:31:47]} 42. b8=Q {[%clk 1:19:11]} Bxb8
{[%clk 0:32:16]} 43. Nxb8 {[%clk 1:19:34]} fxe5 {[%clk 0:32:35]} 44. fxe5
{[%clk 1:20:00]} Kh6 {[%clk 0:33:02]} 45. Kf2 {[%clk 1:20:16]} g5
{[%clk 0:33:29]} 46. Ke3 {[%clk 1:20:38]} Bf5 {[%clk 0:33:24]} 47. Nc6
{[%clk 1:21:01]} 1-0

[Event "MP do 18 lat - chlopcy"]
[Site "Sypniewo"]
[Date "2022.03.27"]
[Round "9.19"]
[White "Zabron, Maksym"]
[Black "Lenart, Jakub"]
[Result "1-0"]
[BlackElo "1792"]
[WhiteElo "1934"]
[LiveChessVersion "1.4.8"]

1. d4 {[%clk 1:30:42]} d5 {[%clk 1:30:48]} 2. Nf3 {[%clk 1:30:50]} Nf6
{[%clk 1:30:47]} 3. g3 {[%clk 1:31:15]} e6 {[%clk 1:31:01]} 4. Bg2
{[%clk 1:31:39]} c5 {[%clk 1:30:23]} 5. O-O {[%clk 1:19:43]} Nc6 {[%clk 1:28:22]}
6. b3 {[%clk 1:17:06]} Qb6 {[%clk 1:25:52]} 7. Bb2 {[%clk 1:14:19]} cxd4
{[%clk 1:24:21]} 8. Nxd4 {[%clk 1:14:41]} Bc5 {[%clk 1:23:07]} 9. Nxc6
{[%clk 1:15:02]} bxc6 {[%clk 1:23:31]} 10. Nc3 {[%clk 1:10:29]} Be7
{[%clk 1:18:59]} 11. e4 {[%clk 1:07:47]} Ba6 {[%clk 1:14:16]} 12. Re1
{[%clk 1:08:11]} Bc5 {[%clk 1:05:34]} 13. Qf3 {[%clk 1:03:39]} Be7
{[%clk 0:47:25]} 14. Na4 {[%clk 0:58:55]} Qc7 {[%clk 0:44:29]} 15. exd5
{[%clk 0:57:48]} cxd5 {[%clk 0:43:58]} 16. c4 {[%clk 0:50:15]} Bb7
{[%clk 0:38:14]} 17. Rac1 {[%clk 0:49:49]} Qa5 {[%clk 0:37:19]} 18. Bxf6
{[%clk 0:46:14]} gxf6 {[%clk 0:37:08]} 19. Qh5 {[%clk 0:44:15]} Rd8
{[%clk 0:30:07]} 20. Rxe6 {[%clk 0:43:24]} Bc8 {[%clk 0:27:54]} 21. Re2
{[%clk 0:43:02]} Qc7 22. Rce1 {[%clk 0:42:56]} dxc4 {[%clk 0:26:40]} 23. Bc6+
{[%clk 0:38:59]} 1-0

[Event "MP do 18 lat - chlopcy"]
[Site "Sypniewo"]
[Date "2022.03.27"]
[Round "9.20"]
[White "Czechowski, Jakub"]
[Black "Ullrich, Karol"]
[Result "1-0"]
[BlackElo "1748"]
[WhiteElo "2036"]
[LiveChessVersion "1.4.8"]

1. d4 {[%clk 1:30:58]} d5 {[%clk 1:30:56]} 2. c4 {[%clk 1:31:25]} c6
{[%clk 1:31:22]} 3. Nf3 {[%clk 1:31:52]} Nf6 {[%clk 1:31:48]} 4. e3
{[%clk 1:32:18]} e6 {[%clk 1:31:42]} 5. Bd3 {[%clk 1:32:41]} dxc4
{[%clk 1:32:03]} 6. Bxc4 {[%clk 1:33:08]} b5 {[%clk 1:31:13]} 7. Bd3
{[%clk 1:33:32]} a6 {[%clk 1:31:31]} 8. O-O {[%clk 1:33:50]} c5 {[%clk 1:31:16]}
9. b3 {[%clk 1:24:11]} Bb7 {[%clk 1:28:08]} 10. Bb2 {[%clk 1:24:34]} Nbd7
{[%clk 1:26:27]} 11. Nbd2 {[%clk 1:24:20]} Be7 {[%clk 1:26:06]} 12. Rc1
{[%clk 1:24:20]} O-O {[%clk 1:22:53]} 13. Qe2 {[%clk 1:22:23]} Qb6
{[%clk 1:18:38]} 14. e4 {[%clk 1:15:07]} Rac8 {[%clk 1:15:16]} 15. Bb1
{[%clk 1:12:27]} cxd4 {[%clk 1:07:41]} 16. Bxd4 {[%clk 1:12:00]} Bc5
{[%clk 1:07:52]} 17. Bb2 {[%clk 1:10:15]} Rfd8 {[%clk 1:01:14]} 18. e5
{[%clk 1:06:53]} Nd5 {[%clk 1:00:34]} 19. Bxh7+ {[%clk 1:06:59]} Kxh7
{[%clk 0:59:42]} 20. Ng5+ {[%clk 1:05:24]} Kg6 {[%clk 0:54:04]} 21. Qg4
{[%clk 0:57:26]} f5 {[%clk 0:50:55]} 22. Qg3 {[%clk 0:57:26]} Bxf2+
{[%clk 0:42:16]} 23. Rxf2 {[%clk 0:55:50]} f4 {[%clk 0:42:24]} 24. Qd3+
{[%clk 0:43:29]} Kxg5 {[%clk 0:42:39]} 25. Rxc8 {[%clk 0:43:52]} Rxc8
{[%clk 0:41:03]} 26. Qh7 {[%clk 0:44:00]} Nc3 {[%clk 0:21:27]} 27. h4+
{[%clk 0:38:23]} Kg4 {[%clk 0:21:46]} 28. Qxg7+ {[%clk 0:38:21]} Kxh4
{[%clk 0:22:10]} 29. Qh6+ {[%clk 0:38:23]} Kg4 {[%clk 0:22:22]} 30. Qg6+
{[%clk 0:38:26]} Kh4 {[%clk 0:22:42]} 31. Nf3+ {[%clk 0:38:42]} Bxf3
{[%clk 0:22:21]} 32. gxf3 {[%clk 0:39:10]} Ne2+ {[%clk 0:22:04]} 33. Kg2
{[%clk 0:39:36]} 1-0

[Event "MP do 18 lat - chlopcy"]
[Site "Sypniewo"]
[Date "2022.03.27"]
[Round "9.21"]
[White "Kalkowski, Igor"]
[Black "Kietrys, Maciej"]
[Result "1/2-1/2"]
[BlackElo "1882"]
[WhiteElo "1934"]
[LiveChessVersion "1.4.8"]

1. e4 {[%clk 1:30:57]} e5 {[%clk 1:30:45]} 2. Nf3 {[%clk 1:31:21]} Nc6
{[%clk 1:30:35]} 3. Bb5 {[%clk 1:31:46]} Nf6 {[%clk 1:30:42]} 4. O-O
{[%clk 1:32:08]} Nxe4 {[%clk 1:31:07]} 5. Re1 {[%clk 1:32:35]} Nd6
{[%clk 1:31:19]} 6. a4 {[%clk 1:32:59]} Be7 {[%clk 1:29:48]} 7. Nc3
{[%clk 1:32:20]} a6 {[%clk 1:26:38]} 8. Bf1 {[%clk 1:32:43]} e4 {[%clk 1:26:13]}
9. Nxe4 {[%clk 1:32:57]} Nxe4 {[%clk 1:26:42]} 10. Rxe4 {[%clk 1:33:14]} d5
{[%clk 1:27:00]} 11. Re1 {[%clk 1:33:24]} O-O {[%clk 1:27:17]} 12. d4
{[%clk 1:33:43]} Bg4 {[%clk 1:27:37]} 13. c3 {[%clk 1:34:05]} Qd7
{[%clk 1:25:20]} 14. h3 {[%clk 1:34:23]} Bf5 {[%clk 1:21:36]} 15. b4
{[%clk 1:26:32]} Bd6 {[%clk 1:16:55]} 16. g4 {[%clk 1:07:49]} Bg6
{[%clk 1:13:56]} 17. Ne5 {[%clk 1:08:00]} Bxe5 {[%clk 1:06:36]} 18. dxe5
{[%clk 1:08:20]} Rad8 {[%clk 1:02:50]} 19. b5 {[%clk 1:06:40]} axb5
{[%clk 1:01:42]} 20. axb5 {[%clk 1:06:37]} Ne7 {[%clk 1:01:49]} 21. Qd4
{[%clk 1:06:30]} Rfe8 {[%clk 0:51:37]} 22. f4 {[%clk 1:01:46]} Be4
{[%clk 0:51:08]} 23. f5 {[%clk 1:01:51]} c6 {[%clk 0:49:23]} 24. Bg5
{[%clk 0:57:20]} cxb5 {[%clk 0:46:42]} 25. Qc5 {[%clk 0:50:35]} Rc8
{[%clk 0:40:59]} 26. Qd6 {[%clk 0:49:40]} Qc7 {[%clk 0:40:34]} 27. Qxc7
{[%clk 0:40:35]} Rxc7 {[%clk 0:40:58]} 28. Bxb5 {[%clk 0:41:00]} Rec8
{[%clk 0:38:19]} 29. Rad1 {[%clk 0:40:34]} h6 {[%clk 0:37:27]} 30. Bxe7
{[%clk 0:36:37]} Rxe7 {[%clk 0:37:52]} 31. c4 {[%clk 0:36:44]} Rxe5
{[%clk 0:36:47]} 32. Rd4 {[%clk 0:36:09]} Rc5 33. cxd5 {[%clk 0:32:59]} Rxb5
{[%clk 0:31:24]} 34. d6 {[%clk 0:32:22]} Bc6 {[%clk 0:31:19]} 35. Rxe5
{[%clk 0:32:41]} Rxe5 {[%clk 0:31:44]} 36. d7 {[%clk 0:33:06]} Bxd7
{[%clk 0:32:03]} 37. Rxd7 {[%clk 0:33:27]} Rb5 {[%clk 0:31:55]} 38. Rd8+
{[%clk 0:33:48]} Kh7 {[%clk 0:32:22]} 39. Rd7 {[%clk 0:33:54]} f6
{[%clk 0:28:21]} 40. Kg2 {[%clk 1:04:00]} Rb3 {[%clk 0:58:06]} 41. Rd8
{[%clk 1:02:58]} b5 {[%clk 0:58:04]} 42. Rb8 {[%clk 1:03:23]} b4 {[%clk 0:57:31]}
43. h4 {[%clk 1:03:12]} Rb2+ {[%clk 0:57:02]} 44. Kg3 {[%clk 1:03:28]} b3
{[%clk 0:56:53]} 45. h5 {[%clk 1:03:46]} Rb1 {[%clk 0:56:51]} 46. Kg2
{[%clk 1:04:09]} b2 {[%clk 0:55:35]} 47. Kh2 {[%clk 1:04:24]} Ra1
{[%clk 0:55:27]} 48. Rxb2 {[%clk 1:04:47]} Ra3 {[%clk 0:55:41]} 49. Rb8
{[%clk 1:04:33]} Rc3 {[%clk 0:56:02]} 50. Ra8 {[%clk 1:04:57]} Rb3
{[%clk 0:56:27]} 51. Kg2 {[%clk 1:04:10]} Rc3 {[%clk 0:56:27]} 52. Kf2
{[%clk 1:04:32]} Rb3 {[%clk 0:56:40]} 53. Kg2 {[%clk 1:04:04]} 1/2-1/2

[Event "MP do 18 lat - chlopcy"]
[Site "Sypniewo"]
[Date "2022.03.27"]
[Round "9.22"]
[White "Haliniak, Wojciech"]
[Black "Jozefik, Aleksander"]
[Result "1-0"]
[BlackElo "1729"]
[WhiteElo "1751"]
[LiveChessVersion "1.4.8"]

1. e4 {[%clk 1:30:57]} c5 {[%clk 1:30:35]} 2. Nf3 {[%clk 1:31:22]} Nc6
{[%clk 1:30:51]} 3. Bb5 {[%clk 1:31:40]} e6 {[%clk 1:31:00]} 4. Bxc6
{[%clk 1:31:51]} bxc6 {[%clk 1:30:59]} 5. d3 {[%clk 1:31:59]} d5 {[%clk 1:30:04]}
6. Qe2 {[%clk 1:31:07]} Ne7 {[%clk 1:28:19]} 7. h4 {[%clk 1:25:00]} h5
{[%clk 1:24:42]} 8. c4 {[%clk 1:22:12]} Qc7 {[%clk 1:22:43]} 9. O-O
{[%clk 1:15:51]} Bb7 {[%clk 1:20:29]} 10. Nc3 {[%clk 1:08:47]} d4
{[%clk 1:16:24]} 11. Na4 {[%clk 1:09:01]} Ng6 {[%clk 1:16:39]} 12. e5
{[%clk 1:09:07]} Be7 {[%clk 1:15:47]} 13. g3 {[%clk 1:08:07]} Bc8
{[%clk 1:08:19]} 14. Qe4 {[%clk 1:06:47]} Nf8 {[%clk 1:02:20]} 15. b3
{[%clk 1:04:46]} Nd7 {[%clk 1:02:38]} 16. Ba3 {[%clk 1:04:59]} Bb7
{[%clk 1:02:38]} 17. Rae1 {[%clk 1:05:14]} Qa5 {[%clk 1:02:30]} 18. Qf4
{[%clk 1:03:18]} Nb6 {[%clk 0:51:52]} 19. Qd2 {[%clk 0:58:29]} Qxd2
{[%clk 0:50:32]} 20. Nxd2 {[%clk 0:58:57]} Nxa4 {[%clk 0:48:49]} 21. bxa4
{[%clk 0:59:25]} O-O-O {[%clk 0:47:08]} 22. f4 {[%clk 0:56:39]} Kc7
{[%clk 0:41:56]} 23. Ne4 {[%clk 0:57:01]} Rb8 {[%clk 0:39:22]} 24. Rb1
{[%clk 0:56:10]} Rh6 25. Rb3 {[%clk 0:55:21]} Rg6 {[%clk 0:25:17]} 26. Kf2
{[%clk 0:55:42]} Bc8 {[%clk 0:23:50]} 27. Bxc5 {[%clk 0:55:11]} Bxc5
{[%clk 0:24:02]} 28. Nxc5 {[%clk 0:55:29]} f6 {[%clk 0:21:45]} 29. Re1
{[%clk 0:51:28]} f5 {[%clk 0:21:32]} 30. Rxb8 {[%clk 0:51:25]} Kxb8
{[%clk 0:22:01]} 31. Nb3 {[%clk 0:51:45]} 1-0